<?xml version="1.0" encoding="UTF-8"?>
<record
    xmlns:xsi="http://www.w3.org/2001/XMLSchema-instance"
    xsi:schemaLocation="http://www.loc.gov/MARC21/slim http://www.loc.gov/standards/marcxml/schema/MARC21slim.xsd"
    xmlns="http://www.loc.gov/MARC21/slim">

  <leader>01680nam a2200373 a 4500</leader>
  <controlfield tag="001">BRL_362</controlfield>
  <controlfield tag="005">20190320210715.0</controlfield>
  <controlfield tag="008">050813s1992----mx-a######---#000-0#spa-#</controlfield>
  <datafield tag="020" ind1=" " ind2=" ">
    <subfield code="a">9681637100</subfield>
  </datafield>
  <datafield tag="041" ind1=" " ind2=" ">
    <subfield code="a">spa</subfield>
  </datafield>
  <datafield tag="044" ind1=" " ind2=" ">
    <subfield code="a">mx</subfield>
  </datafield>
  <datafield tag="050" ind1=" " ind2="4">
    <subfield code="a">F1219.56.C636</subfield>
    <subfield code="b">.C63 1992</subfield>
  </datafield>
  <datafield tag="130" ind1="0" ind2=" ">
    <subfield code="a">Codex Vindobonensis Mexicanus 1</subfield>
    <subfield code="9">23661</subfield>
  </datafield>
  <datafield tag="245" ind1="1" ind2="0">
    <subfield code="a">C&#xF3;dice Vindobonensis Mexicanus I</subfield>
  </datafield>
  <datafield tag="260" ind1=" " ind2=" ">
    <subfield code="a">Madrid</subfield>
    <subfield code="b">Sociedad Estatal Quinto Centenario</subfield>
    <subfield code="c">1992</subfield>
  </datafield>
  <datafield tag="260" ind1=" " ind2=" ">
    <subfield code="a">Austria</subfield>
    <subfield code="b">Akademische Druck- und Verlagsanstalt</subfield>
    <subfield code="c">1992</subfield>
  </datafield>
  <datafield tag="260" ind1=" " ind2=" ">
    <subfield code="a">M&#xE9;xico</subfield>
    <subfield code="b">FCE</subfield>
    <subfield code="c">1992</subfield>
  </datafield>
  <datafield tag="300" ind1=" " ind2=" ">
    <subfield code="a">258 p.</subfield>
    <subfield code="b">il.</subfield>
    <subfield code="c">23 cm.</subfield>
    <subfield code="e">1 facsimil ( p. 1-52 y al reverso I-XIII) + 52 + XIII hojas sueltas del facsimil original</subfield>
  </datafield>
  <datafield tag="440" ind1=" " ind2="0">
    <subfield code="a">C&#xF3;dices mexicanos</subfield>
    <subfield code="v">1</subfield>
    <subfield code="9">23662</subfield>
  </datafield>
  <datafield tag="500" ind1=" " ind2=" ">
    <subfield code="a">Incluye l&#xE1;minas con ilustraciones y reproducci&#xF3;n del codex</subfield>
  </datafield>
  <datafield tag="500" ind1=" " ind2=" ">
    <subfield code="a">Au340</subfield>
  </datafield>
  <datafield tag="500" ind1=" " ind2=" ">
    <subfield code="a">Origen e historia de los reyes mixtecos : libro explicativo del llamado C&#xF3;dice Vindobonensis : Codex Vindobonensis Mexicanus 1, O&#xA8;sterreichische Nationalbibliothek, Viena / introducci&#xF3;n y explicaci&#xF3;n, Ferdinand Anders, Maarten Jansen, Gabina Aurora P&#xE9;rez Jim&#xE9;nez. At head of title: Ferdinand Anders (Viena), Maarten Jansen (Leiden), Luis Reyes Garc&#xED;a (M&#xE9;xico), Comisi&#xF3;n T&#xE9;cnica Investigadora.</subfield>
  </datafield>
  <datafield tag="650" ind1="1" ind2="4">
    <subfield code="a">Mixtecas</subfield>
    <subfield code="x">Reyes y soberanos</subfield>
    <subfield code="9">23663</subfield>
  </datafield>
  <datafield tag="650" ind1="1" ind2="4">
    <subfield code="a">Mixtecas</subfield>
    <subfield code="x">Historia</subfield>
    <subfield code="9">23664</subfield>
  </datafield>
  <datafield tag="650" ind1="1" ind2="4">
    <subfield code="a">Mixtecas</subfield>
    <subfield code="x">Religi&#xF3;n</subfield>
    <subfield code="9">23665</subfield>
  </datafield>
  <datafield tag="650" ind1="1" ind2="4">
    <subfield code="a">Mixtecas</subfield>
    <subfield code="x">Escritura</subfield>
    <subfield code="9">23666</subfield>
  </datafield>
  <datafield tag="700" ind1="1" ind2=" ">
    <subfield code="a">Jansen, Maarten</subfield>
    <subfield code="9">23667</subfield>
  </datafield>
  <datafield tag="700" ind1="1" ind2=" ">
    <subfield code="a">Reyes Garc&#xED;a, Luis</subfield>
    <subfield code="9">9836</subfield>
  </datafield>
  <datafield tag="700" ind1="1" ind2=" ">
    <subfield code="a">P&#xE9;rez Jim&#xE9;nez, Gabina Aurora</subfield>
    <subfield code="9">23668</subfield>
  </datafield>
  <datafield tag="700" ind1="1" ind2=" ">
    <subfield code="a">Anders, Ferdinand</subfield>
    <subfield code="9">23669</subfield>
  </datafield>
  <datafield tag="740" ind1="0" ind2=" ">
    <subfield code="a">Origen e Historia de los Reyes Mixtecos</subfield>
  </datafield>
  <datafield tag="902" ind1=" " ind2=" ">
    <subfield code="a">GRL</subfield>
  </datafield>
  <datafield tag="942" ind1=" " ind2=" ">
    <subfield code="2">lcc</subfield>
    <subfield code="c">B</subfield>
  </datafield>
  <datafield tag="999" ind1=" " ind2=" ">
    <subfield code="c">9175</subfield>
    <subfield code="d">9175</subfield>
  </datafield>
  <datafield tag="952" ind1=" " ind2=" ">
    <subfield code="0">0</subfield>
    <subfield code="1">0</subfield>
    <subfield code="4">0</subfield>
    <subfield code="7">0</subfield>
    <subfield code="a">BRL</subfield>
    <subfield code="b">BRL</subfield>
    <subfield code="d">2013-08-05</subfield>
    <subfield code="i">Au340</subfield>
    <subfield code="l">0</subfield>
    <subfield code="o">F1219.56.C636 .C63 1992 (Au340)</subfield>
    <subfield code="p">GRL00385</subfield>
    <subfield code="r">2019-03-22 00:00:00</subfield>
    <subfield code="w">2019-03-22</subfield>
    <subfield code="y">B</subfield>
  </datafield>
</record>
